000 00948nam a22002057a 4500
003 OSt
005 20160620110058.0
008 140214b2010 els spa
040 _cBMC
082 _a381.33
100 1 _934631
_aMartínez Figueroa, Araceli
245 1 0 _aPasantía de asistente técnico a la gerencia regional de occidente de la defensoría del consumidor
_b: Informe final
_cAraceli Martínez Figueroa
260 _aSanta Ana (El Salvador)
_bUniversidad Católica de El Salvador
_c2010
300 _a1 v. (pág. var.)
_c27 cm
_e+ 1 disco compacto
500 _aPrecede al tít.: Universidad Católica de El Salvador, Facultad de Ciencias Empresariales
502 _aTrabajo de graduación para optar al grado académico de Licenciatura en Administración de Empresas
650 2 4 _916042
_aEducación del consumidor
710 2 _91067
_aUniversidad Católica de El Salvador
_bFacultad de Ciencias Empresariales
942 _2ddc
_cTG
999 _c21141
_d21141